01587nab a22002057a 4500003000400000005001700004008004100021040000700062100002400069245020500093260007200298300001200370500005000382505065900432505009001091650002001181650001601201700003201217773013201249OSt20260115224204.0190605e xxu||||| |||| 00| 0 spa d cPJ a Yasin, Omar Nills 13aEl fuero del trabajo de la Ciudad Autónoma de Buenos Aires, su contundente constitucionalidad. Competencia, aspectos prácticos de su funcionamiento /cOmar Nills Yasin, Alberto A. Edgardo Khalil.  aCiudad Autónoma de Buenos Aires :bThomson Reuters La Ley,c2025. ap. 5-21 aCita Online: Cita: TR LALEY AR/DOC/842/2025. a Sumario: I. Introducción.— II. El inicio del derrotero en vísperas del escenario final, caso "Asociación de Magistrados y Funcionarios de la Justicia Nacional c/ Gobierno de la Ciudad Autónoma de Buenos Aires (leyes 6789 y 6790) y otro s/ medida cautelar (autónoma)".— III. Nuestra opinión respecto de un fallo que ciertamente se aleja de lo que supuestamente debería defender.— IV. El caso del Tribunal de trabajo para el personal de casas particulares.— V. El caso de la ley 27.348 complementaria de la Ley sobre Riesgos del Trabajo.— VI. Colisión de competencias, dilucidación de posibles planteos.— VII. Conclusión.  t¿Te interesa el texto completo? Solicitalo al correo: koha@justierradelfuego.gov.ar  0aDERECHO LABORAL 0aCOMPETENCIA aKhalil, Alberto A. Edgardo 0 02711dCiudad Autónoma de Buenos Aires : Thomson Reuters La Ley, 1999-2002.tRevista de derecho del trabajo. Nº 3 - Mayo 2025